| 000 | 00846 a2200193 4500 | ||
|---|---|---|---|
| 003 | Nust | ||
| 005 | 20170207154430.0 | ||
| 040 | _cNust | ||
| 082 | _a050 | ||
| 100 | _aMaj Gen Athar Abbas,HI(M) | ||
| 245 |
_aHilal August-2010 _cMaj Gen Athar Abbas,HI(M) |
||
| 250 | _a2, Volume 47 | ||
| 260 |
_aRawalpindi,Pakistan _bISPR Dte _cAugust-2010 |
||
| 300 | _aEnglish-48 & Urdu-51p; | ||
| 505 | _aFrom the Editor’s Desk (Page-3) Calendar August 2010 (Page-4) Azadi Special (Page-5) Scourge of Terrorism (Page-10) Future Maps (Page-7) Serious Notes (Page-21) Current Issues (Page-24) Why Don’t We Learn From History (Page-29) Valiant Heroes (Page-16) Health Watch (Page-33) Miscellanea (Page-14) New AND Updates (Page-41) Picture Gallery(Page-44) | ||
| 538 | _aAlmirah No.137 Shelf No.5 | ||
| 610 | _aQty-3 | ||
| 651 | _aPakistan Armed Forces Magazine | ||
| 942 | _cMAGS | ||
| 999 |
_c197598 _d197598 |
||